000
00287 a2200145 4500
001
182569
020
_a
85-7041369-6
040
_c
Magnum
100
_a
Azevedo, AluĂsio
240
1
0
_a
O homem
_l
por
245
1
0
_a
O homem
300
_a
219
697
_a
LITERATURA GERAL
942
_c
BK
999
_c
182569
_d
182569